000 00849nam a2200265 a 4500
001
003 DO-SdBNP
005 20211004104625.0
008 091001s2002 dr a r 000 0 spa d
020 _a9993472212
040 _aDO-SdBNP
_bspa
_cBPMSU
082 _aM861.5
_bC718p 2002
_222
100 1 _aColombo, Laura,
_d1969-
245 1 0 _aPoesía de sal y arena /
_cLaura Colombo ; edición Ramón E. Colombo ; prólogo Andrés L. Mateo.
260 _aSanto Domingo :
_bTaller,
_c2002.
300 _a136 p. :
_bil. ;
_c21 cm.
500 _aIncluye datos biográficos del autor en la solapa de la cubierta.
590 _aInventariado, 2021/VM
650 4 _aPoesía mexicana
650 4 _aLiteratura mexicana
700 1 _aColombo, Ramón E.,
_eed.
700 _aMateo, Andrés L., 1946-
_epról.
_93
910 _aVMateo V.
942 _2ddc
_cBK
999 _c13751
_d13751